00461nam a2200121Ia 45000010005000000080041000050820020000461000020000662450194000862600016002809010028002969990015003242292241024s9999 xx 000 0 und d aRD/370.71/L961p aEduardo A. Luna 0aProyecto: Actividades para mejorar la efectividad de los profesores y la gobernabiliad local (TEF/USAID) (AWARD NUMBER 517-A-000600102-00). Informe de evaluación externa. Reporte TEF 2008 bUSAIDc2008 a29/6/2012 10:25:56 a.m. c9228d9228